| 000 | 01005nas a2200313 4500 | ||
|---|---|---|---|
| 001 | BR2013005059 | ||
| 003 | BR-BrBNA | ||
| 005 | 20231205122545.0 | ||
| 007 | ta | ||
| 008 | 230509b bl.|||p| |||| 00| 00por d | ||
| 040 |
_aBR-BrBNA _bpor _cBiblioteca Nacional de Agricultura |
||
| 041 | _a(Pt) | ||
| 072 | _aH20 | ||
| 100 | 1 | _aLopes, L.P. | |
| 100 | 1 | _aAlves, P.F.R. | |
| 100 | 1 | _aZandoná, C. | |
| 100 | 1 | _aNunes, M.P. | |
| 100 | 1 | _aMehta, Y.R. | |
| 245 | 1 | _aMeio semi-seletivo para detectar Xanthomonas axonopolis pv. phaseoli em sementes de feijoeiro e sua erradicação através do tratamento de sementes com o fungicida tolylfluanid | |
| 650 | _aFEIJÃO | ||
| 650 | _aSEMENTE | ||
| 650 | _aCRESTAMENTO | ||
| 650 | _aBACTÉRIA | ||
| 650 | _aXANTHOMONAS PHASEOLI | ||
| 650 | _aDOENÇA DE PLANTA | ||
| 773 | 0 |
_tSumma Phytopathologica (Brazil) _xISSN 0100-5405 _g(Jul-Sep 2008), v. 34(3) p. 287-288 _wBR2013005059 |
|
| 909 |
_a202311 _bLúcia _c55 _dLúcia Elande |
||
| 942 |
_2AGRIS _n0 _cANA |
||
| 999 |
_c229275 _d229275 |
||